Elenca la formazione - Quiz n°79 - Statistics

Statistiche generali
  • Questo quiz è stato fatto 76 volte
  • Il punteggio medio è 9 su 11
Statistiche sulle risposte
Ruolo Nazione Calciatore % Corretto
Attaccante Argentina Lionel Messi
100%
Attaccante Uruguay Luis Suárez
100%
Portiere Germania Marc-André ter Stegen
100%
Centrocampista Spagna Andrés Iniesta
98%
Centrocampista Croazia Ivan Rakitić
97%
Difensore Brasile Dani Alves
95%
Difensore Spagna Gerard Piqué
94%
Centrocampista Spagna Sergio Busquets
92%
Difensore Argentina Javier Mascherano
88%
Difensore Francia Jérémy Mathieu
36%
Attaccante Spagna / Brasile Rafinha
30%
Nessun quiz corrispondente trovato
Distribuzione punteggi
Percentuale di utenti per punteggio
Percentile per numero di risposta
I tuoi punteggi nel tempo
Non hai fatto questo quiz